000 00604nam a2200217 i 4500
001 bg
100 1 _aZIELNICA, Jerzy.
245 1 0 _aWytrzymałość materiałów /
_cJerzy Zielnica.
260 _aPoznań :
_bWydaw. Politechniki Poznańskiej,
_c1996.
300 _a559 s. :
_brys., wykr. ;
_c24 cm.
504 _aBibliogr. s. 558-559.
650 9 _aWytrzymałość materiałów
655 _aPodręczniki akademickie
020 _a8371431295
040 _cBPK
041 0 _apl
080 _a539.4(075.8)
920 _a83-7143-129-5
942 _cKS
008 s pl f |000 0 pol
999 _c24572
_d24572
856 _uhttp://koha.tu.koszalin.pl/cgi-bin/koha/opac-detail.pl?biblionumber=24572
_yKatalog online BPK